000 00482nam a22001697a 4500
003 SGT
020 _a9788173194283
082 _a621.31042
_bdub
100 _aDUBEY,GOPAL K
245 _aFUNDAMENTALS OF ELECTRICAL DRIVES
250 _a2ND
260 _aNEW DELHI
_bNAROSA
_c2015
300 _a391
650 _aELECTRICAL ENGINEERING
653 _aINTRODUCTION,DYNAMICS & CONTROL OF ELECTRICAL DRIVES, MOTOR POWER RATING,DC MOTOR DRIVES,INDUCTION MOTOR DRIVES,
942 _2ddc
_cBK
999 _c8216
_d8216